| 000 | 00460cam a2200193 4500 | ||
|---|---|---|---|
| 001 | B1652 | ||
| 008 | 090401t1988 xxu||||| |||| 00| 0 eng d | ||
| 035 | _a(Sirsi) u45599 | ||
| 041 | _aeng | ||
| 050 | _a333.3370942496 | ||
| 110 |
_aChesterton _92357 |
||
| 245 | _aBirmingham office market review 87/88 | ||
| 260 |
_aLondon _bChesterton _c1988 |
||
| 300 | _a10p. : ill. ; 30cm. | ||
| 350 | _a25 | ||
| 650 | _aOFFICES | ||
| 942 | _n0 | ||
| 948 | _c04/03/1997 | ||
| 999 |
_c91776 _d91776 |
||